Wrestlemania 40 New Champions - Statistics

General Stats
  • This quiz has been taken 177 times
  • The average score is 9 of 9
Answer Stats
Hint Answer % Correct
Undisputed WWE Universal Championship Cody Rhodes
99%
Intercontinental Championship Sami Zayn
98%
RAW Tag Team Championships R-Truth
97%
RAW Tag Team Championships The Miz
97%
World Heavyweight Championship Damian Priest
95%
Smackdown Tag Team Championships Austin Theory
94%
WWE Women's Championship Bayley
93%
World Heavyweight Championship Drew McIntyre
93%
Smackdown Tag Team Championships Grayson Waller
93%
No matching quizzes found
Score Distribution
Percent of People with Each Score
Percentile by Number Answered
Your Score History
You have not taken this quiz